Thiết kế bài học tác phẩm văn chương ở nhà trường phổ thông
Bewaard in:
| Hoofdauteur: | |
|---|---|
| Formaat: | Boek |
| Taal: | Undetermined |
| Gepubliceerd in: |
Hà Nội
Giáo Dục
2001
|
| Onderwerpen: | |
| Tags: |
Voeg label toe
Geen labels, Wees de eerste die dit record labelt!
|
| Thư viện lưu trữ: | Trung tâm Học liệu Trường Đại học Cần Thơ |
|---|
| LEADER | 00643nam a2200193Ia 4500 | ||
|---|---|---|---|
| 001 | CTU_45333 | ||
| 008 | 210402s9999 xx 000 0 und d | ||
| 082 | |a 807 | ||
| 082 | |b L502t/T1 | ||
| 100 | |a PHAN TRỌNG LUẬN | ||
| 245 | 0 | |a Thiết kế bài học tác phẩm văn chương ở nhà trường phổ thông | |
| 245 | 0 | |c PHAN TRỌNG LUẬN | |
| 260 | |a Hà Nội | ||
| 260 | |b Giáo Dục | ||
| 260 | |c 2001 | ||
| 526 | |a Tập giảng Ngữ Văn | ||
| 526 | |b SG209 | ||
| 650 | |a vietnamese literature - study and teaching ( secondary ) | ||
| 980 | |a Trung tâm Học liệu Trường Đại học Cần Thơ | ||